Cristo se ha llevado toda la humildad del mundo / (Record no. 10606)

000 -CABECERA
fixed length control field 00675nam a22002177a 4500
003 - IDENTIFICADOR DEL NÚMERO DE CONTROL
control field AR-CdUCM
008 - DATOS DE LONGITUD FIJA--INFORMACIÓN GENERAL
fixed length control field 190328b ||||| |||| 00| 0 spa d
040 ## - FUENTE DE LA CATALOGACIÓN
Agencia/entidad que catalogó originalmente la obra MUNICIPALIDAD PROVINCIAL DEL CUSCO
Entidad que transcribió la catalogación BIBLIOTECA MUNICIPAL DEL CUSCO
082 ## - NÚMERO DE LA CLASIFICACIÓN DECIMAL DEWEY
No. de Clasificación 869.56 /
Notacion interna C26/1961
100 ## - ENTRADA PRINCIPAL--NOMBRE DE PERSONA
Nombre Personal Carrillo, Francisco
245 ## - MENCIÓN DE TÍTULO
Título Cristo se ha llevado toda la humildad del mundo /
260 ## - PUBLICACIÓN, DISTRIBUCIÓN, ETC.
Lugar de publicación, distribución, etc. Lima :
Nombre de la editorial, distribuidor, etc. El timonel,
Fecha de publicación, distribución, etc. 1961.
300 ## - DESCRIPCIÓN FÍSICA
Dimensiones 13.5 cm.
Nº de Páginas Extensión 24 páginas ;
440 ## - MENCIÓN DE SERIE/PUNTO DE ACCESO ADICIONAL--TÍTULO
Título El timonel ;
9 (RLIN) 27565
505 ## - NOTA DE CONTENIDO CON FORMATO
Nota de contenido formateada Contenido : Poemas.
650 ## - PUNTO DE ACCESO ADICIONAL DE MATERIA--TÉRMINO DE MATERIA
Descriptor Poesías peruanas
9 (RLIN) 1481
650 ## - PUNTO DE ACCESO ADICIONAL DE MATERIA--TÉRMINO DE MATERIA
Descriptor Poesías del siglo XX.
9 (RLIN) 15565
942 ## - ELEMENTOS DE PUNTO DE ACCESO ADICIONAL (KOHA)
Fuente de clasificación
Tipo de item Libros-BMC
945 ## - PROCESAMIENTO DE INFORMACIÓN LOCAL (OCLC)
Catalogador acv
Holdings
Estado de retiro (separado) Fuente de clasificación o esquema de estanterías Estado dañado Ubicación Sala donde se ubica Nombre de la colección Fecha de adquisición o compra Costo, precio normal en soles Signatura topográfica Código de Barras Última vez visto (Koha) Tipo de ítem (Koha)
No     Sala Cusco Antiguo Sala Cusco Antiguo Book Cart 2019-04-01 20.00 869.56/C26/1961 SCA0000908 2019-04-01 Libros-BMC

Powered by Koha